[Event "POLFINAL MISTRZOSTW POLSKI JUNIOROW 2019 - C15"]
[Site "Ustron"]
[Date "1899-12-30"]
[Round "2.4"]
[White "Nowak, Maciej"]
[Black "Skawinski, Szymon"]
[Result "1/2-1/2"]
[WhiteTitle "II"]
[BlackTitle "I"]
[WhiteElo "1564"]
[BlackElo "1715"]

1. d4 d5 2. c4 e6 3. Nc3 c6 4. cxd5 exd5 5. Bf4 Bd6 6. Bxd6 Qxd6 7. e3 Nf6 8. Bd3
O-O 9. h3 Re8 10. Qf3 Nbd7 11. Nge2 Qb4 12. Rb1 Ne4 13. O-O Nd2 14. Qh5 Nf6 15.
Qh4 Nxb1 16. Rxb1 Qe7 17. Nf4 h6 18. g4 Ne4 19. Qh5 Qg5 20. Qxg5 Nxg5 21. Kg2
Bd7 22. h4 Ne6 23. Nh5 Rad8 24. f4 c5 25. f5 Nc7 26. Kf3 c4 27. Bc2 Bc6 28. g5
hxg5 29. hxg5 Rd6 30. f6 g6 31. Ng7 Rf8 32. Ne2 Ne8 33. Nxe8 Rxe8 34. Nf4 Red8
35. Rh1 Be8 36. Nh5 b5 37. Ng7 b4 38. Nf5 Re6 39. Nh6+ Kf8 40. Nf5 Kg8 41. Nh6+
Kf8 42. Nf5 Kg8 1/2-1/2

[Event "POLFINAL MISTRZOSTW POLSKI JUNIOROW 2019 - C15"]
[Site "Ustron"]
[Date "1899-12-30"]
[Round "2.5"]
[White "Wasik, Mateusz"]
[Black "Kosior, Jan"]
[Result "1-0"]
[WhiteTitle "I"]
[BlackTitle "II"]
[WhiteElo "1696"]
[BlackElo "1565"]

1. e4 c5 2. Nf3 d6 3. d4 Nf6 4. Nc3 cxd4 5. Nxd4 a6 6. Be2 e6 7. O-O Be7 8. a4
Nc6 9. f4 O-O 10. Be3 Qc7 11. Qe1 Nxd4 12. Bxd4 e5 13. fxe5 dxe5 14. Qg3 Bc5 15.
Bxc5 Qxc5+ 16. Kh1 Kh8 17. Rxf6 gxf6 18. Qh4 Qc6 19. Nd5 Bf5 20. Ne7 Qe6 21. Nxf5
b5 22. Qh6 Rg8 23. axb5 Rg6 24. Qe3 a5 25. b6 Rb8 26. Rxa5 Qxb6 27. Qxb6 Rxb6
28. Rb5 Rxb5 29. Bxb5 Rg8 30. h4 Rb8 31. c4 Rd8 32. b3 Rd1+ 33. Kh2 Re1 34. Bc6
Rb1 35. Bd5 Rxb3 36. Bxf7 Rc3 37. h5 h6 38. Bd5 Kh7 39. Nd6 Kg7 40. Ne8+ Kh8 41.
Nxf6 Kg7 42. Nd7 Ra3 43. c5 Ra7 44. c6 Rc7 45. Kg3 Rc8 46. Kg4 Re8 47. Kf5 Kh8
48. Nxe5 Rc8 49. Nd7 Kh7 50. e5 Kh8 51. e6 Kg7 52. e7 Re8 53. c7 Kh8 54. Bf7 1-0

[Event "POLFINAL MISTRZOSTW POLSKI JUNIOROW 2019 - C15"]
[Site "Ustron"]
[Date "1899-12-30"]
[Round "2.6"]
[White "Topola, Rafal"]
[Black "Czarniecki, Pawel"]
[Result "1-0"]
[WhiteTitle "I"]
[BlackTitle "II+"]
[WhiteElo "1659"]
[BlackElo "1561"]

1. e4 c5 2. Nf3 e6 3. d4 cxd4 4. Nxd4 a6 5. Bd3 Nf6 6. Qe2 d6 7. Be3 Be7 8. Nd2
Qc7 9. a4 Nbd7 10. N4b3 b6 11. O-O Bb7 12. a5 b5 13. Rfc1 Nc5 14. Nxc5 dxc5 15.
c4 b4 16. f4 e5 17. fxe5 Qxe5 18. Nf3 Qc7 19. e5 Nd7 20. e6 fxe6 21. Ng5 Bxg5
22. Qh5+ Kd8 23. Qxg5+ Nf6 24. Bxc5 h6 25. Qe3 Qc6 26. Bb6+ Kd7 27. Bf1 Rac8 28.
Rd1+ Ke7 29. Qg3 Rhg8 30. Be2 Ne4 31. Qh4+ Kf7 32. Rf1+ Nf6 33. Bf3 Qd7 34. Bh5+
Ke7 35. Rad1 Qa4 36. Qd4 Qc6 37. Bf3 Qxc4 38. Qd6+ Kf7 39. Bh5+ g6 40. Qd7+ Kf8
41. Rxf6# 1-0

[Event "POLFINAL MISTRZOSTW POLSKI JUNIOROW 2019 - C15"]
[Site "Ustron"]
[Date "1899-12-30"]
[Round "2.7"]
[White "Wieczorek, Karol"]
[Black "Kietrys, Maciej"]
[Result "0-1"]
[WhiteTitle "I"]
[BlackTitle "I"]
[WhiteElo "1549"]
[BlackElo "1656"]

1. d4 d5 2. c4 e6 3. Nc3 Nf6 4. Bg5 c6 5. e3 Be7 6. Nf3 Nbd7 7. Bd3 O-O 8. O-O
dxc4 9. Bxc4 b5 10. Be2 a6 11. Rc1 Bb7 12. Qc2 h6 13. Bh4 Rc8 14. Rfd1 Qe8 15.
Ne4 c5 16. Nxf6+ Nxf6 17. dxc5 Rxc5 18. Qd2 Ne4 19. Qd4 e5 20. Qd3 g5 21. Bg3
Nxg3 22. hxg3 e4 23. Qd4 Rxc1 24. Rxc1 exf3 25. gxf3 Qd8 26. Qa7 Qd2 27. Rc7 Qxe2
28. Qxb7 Bf6 29. Qxa6 Qxb2 30. Rb7 b4 31. Qc4 Qc3 32. Qe4 Qa1+ 33. Kg2 Qxa2 34.
Qxb4 Qe6 35. Rb6 Qe5 36. Rb5 Qc3 37. Qe4 Rd8 38. Rb7 Qd3 39. Qc6 Kg7 40. Rb6 Qc3
41. Qe4 Rd1 42. Rb1 Rxb1 43. Qxb1 Qb2 44. Qe4 Qe2 45. Qf5 Bc3 46. Qe4 Qb2 47.
f4 g4 48. f5 Qe2 49. Qf4 Bf6 50. Qe4 h5 51. Qf4 Qd2 52. Qe4 Qc3 53. Qb7 Qe5 54.
Qb1 h4 55. gxh4 Bxh4 56. Qd3 g3 57. fxg3 Qxg3+ 58. Kh1 Qf3+ 0-1

[Event "POLFINAL MISTRZOSTW POLSKI JUNIOROW 2019 - C15"]
[Site "Ustron"]
[Date "1899-12-30"]
[Round "2.8"]
[White "Strepikowski, Pawel"]
[Black "Gradalski, Olaf"]
[Result "0-1"]
[WhiteTitle "I"]
[BlackTitle "II"]
[WhiteElo "1649"]
[BlackElo "1542"]

1. e4 e6 2. d4 d5 3. e5 c5 4. c3 Nc6 5. Nf3 Bd7 6. a3 f6 7. exf6 Nxf6 8. Bd3 Bd6
9. O-O cxd4 10. cxd4 O-O 11. Nc3 e5 12. dxe5 Nxe5 13. Nxe5 Bxe5 14. Be2 Bc6 15.
Qb3 Kh8 16. Bg5 d4 17. Na2 Re8 18. Qd1 d3 19. Qxd3 Qxd3 20. Bxd3 Bxb2 21. Rab1
Bxa3 22. Nb4 Bxb4 23. Rxb4 h6 24. Bc1 Rad8 25. Bc4 Rd4 26. Bb2 Rde4 27. f3 Re1
28. Bd4 Rxf1+ 29. Kxf1 b5 30. Bd3 a5 31. Rb3 Rb8 32. Rc3 Be8 33. Be5 Rd8 34. Bc7
Ra8 35. Rc5 a4 36. Bxb5 Bxb5+ 37. Rxb5 a3 38. Rb1 a2 39. Ra1 Nd5 40. Be5 Ne3+
41. Ke2 Nc2 42. Rc1 a1=Q 43. Bxa1 Nxa1 44. Rc3 Ra2+ 45. Kd1 Rxg2 46. Kc1 Rxh2
47. Kb1 Nc2 48. Rxc2 Rxc2 49. Kxc2 Kh7 50. Kd3 Kg6 51. Ke4 Kg5 52. f4+ Kg4 0-1

[Event "POLFINAL MISTRZOSTW POLSKI JUNIOROW 2019 - C15"]
[Site "Ustron"]
[Date "1899-12-30"]
[Round "2.10"]
[White "Jedrusik, Adam"]
[Black "Mocko, Maciej"]
[Result "1-0"]
[WhiteTitle "I"]
[BlackTitle "II"]
[WhiteElo "1743"]
[BlackElo "1459"]

1. d4 f5 2. Bg5 g6 3. e3 Bg7 4. Nf3 d6 5. Nbd2 Nf6 6. c3 O-O 7. Be2 Qe8 8. Qc2
a5 9. O-O-O Kh8 10. Rhe1 e5 11. dxe5 dxe5 12. e4 f4 13. Bxf6 Bxf6 14. h4 b5 15.
g3 fxg3 16. fxg3 Be6 17. Qd3 c6 18. c4 Na6 19. Qe3 Qb8 20. Ng5 Bg8 21. h5 Qd8
22. Ndf3 Qe8 23. hxg6 Qxg6 24. Rh1 Rfd8 25. Rdg1 Rd4 26. Rh6 Bxg5 27. Nxg5 Qe8
28. Rgh1 Ra7 29. Nf3 Rdd7 30. Qg5 Rg7 31. Qxe5 Rae7 32. Qc3 b4 33. Qf6 Re6 34.
Qf5 Rxh6 35. Rxh6 Rxg3 36. Qf6+ Rg7 37. Nh4 Qxe4 38. Ng6+ Qxg6 39. Rxg6 hxg6 40.
Qxc6 Nc7 41. Bd3 Be6 42. Bxg6 Rxg6 43. Qxc7 Rg1+ 44. Kc2 Rg2+ 45. Kb3 Re2 46.
Qxa5 1-0

[Event "POLFINAL MISTRZOSTW POLSKI JUNIOROW 2019 - C15"]
[Site "Ustron"]
[Date "1899-12-30"]
[Round "2.11"]
[White "Labedz, Dawid"]
[Black "Majewski, Krzysztof"]
[Result "0-1"]
[WhiteTitle "II"]
[BlackTitle "I"]
[WhiteElo "1468"]
[BlackElo "1800"]

1. e4 c6 2. d4 g6 3. Nc3 Bg7 4. f4 d5 5. e5 f6 6. h4 h5 7. Bd3 f5 8. Nf3 e6 9.
Be3 Nh6 10. Rf1 Qe7 11. Na4 Nd7 12. Qd2 O-O 13. b4 a6 14. Ke2 Rd8 15. Ng5 Nf7
16. Nf3 b6 17. Qc3 Bb7 18. Rfb1 Rdc8 19. g3 Rab8 20. Rb3 Bf8 21. Rab1 Qd8 22.
Qb2 Rc7 23. Ng5 Nxg5 24. hxg5 Kf7 25. Kf2 Ra8 26. Qc3 Qc8 27. Qb2 Rb8 28. Be2
Be7 29. a3 Qh8 30. Rh1 Qg7 31. Qb1 Rcc8 32. Nc3 Rh8 33. Na2 Qf8 34. c4 dxc4 35.
Bxc4 b5 36. Be2 c5 37. Rh4 c4 38. Rb2 Nb6 39. Nc3 Nd5 40. Nxd5 Bxd5 41. Bf3 Bxf3
42. Kxf3 Qd8 43. Rh1 Qd5+ 44. Kf2 Kg7 45. Qd1 Rhc8 46. Qf3 a5 47. Qxd5 exd5 48.
Rhb1 axb4 49. axb4 Ra8 50. Rc1 Ra3 51. Rcc2 c3 52. Rb1 Rc4 53. Bc1 Ra4 54. Rb3
Raxb4 55. Rbxc3 Ra4 56. Be3 Bb4 57. Rxc4 bxc4 58. Bc1 Ba5 59. Rb2 Rb4 60. Ra2
Bb6 61. Bb2 Rxb2+ 0-1

[Event "POLFINAL MISTRZOSTW POLSKI JUNIOROW 2019 - C15"]
[Site "Ustron"]
[Date "1899-12-30"]
[Round "2.12"]
[White "Pieczulis, Blazej"]
[Black "Kitewski, Bartosz"]
[Result "1-0"]
[WhiteTitle "I"]
[BlackTitle "I"]
[WhiteElo "1443"]
[BlackElo "1674"]

1. Nf3 d5 2. c4 c6 3. g3 dxc4 4. Bg2 Nf6 5. Qc2 g6 6. O-O Bg7 7. Qxc4 O-O 8. d4
Be6 9. Qd3 Nd5 10. Nc3 Nd7 11. Nxd5 Bxd5 12. e4 Be6 13. Ng5 Nb6 14. Nxe6 fxe6
15. Be3 Qd6 16. Rfd1 Kh8 17. Qb3 Rfd8 18. Bf4 e5 19. dxe5 Qc5 20. Be3 Qc4 21.
Bxb6 Qxb3 22. axb3 axb6 23. Rxa8 Rxa8 24. f4 Bf8 25. Rd7 Ra1+ 26. Bf1 Ra7 27.
f5 Kg7 28. Bc4 b5 29. f6+ Kh6 30. Bg8 exf6 31. h4 Kh5 32. exf6 Bc5+ 33. Kg2 Ra1
34. Rxh7+ Kg4 35. Be6# 1-0

[Event "POLFINAL MISTRZOSTW POLSKI JUNIOROW 2019 - C15"]
[Site "Ustron"]
[Date "1899-12-30"]
[Round "2.13"]
[White "Kossowski, Pawel"]
[Black "Krasniewski, Szymon"]
[Result "1/2-1/2"]
[WhiteTitle "II+"]
[BlackTitle "I"]
[WhiteElo "1541"]
[BlackElo "1662"]

1. e4 c5 2. Nf3 e6 3. d4 cxd4 4. Nxd4 Nc6 5. Nc3 Nf6 6. Be3 Bb4 7. Bd3 Qa5 8. Qd2
d5 9. exd5 Nxd5 10. Nb3 Qc7 11. a3 Bxc3 12. bxc3 Nxe3 13. Qxe3 O-O 14. O-O Ne5
15. Rfd1 Nxd3 16. Rxd3 b6 17. Rad1 Ba6 18. Rd7 Rad8 19. Rxd8 Rxd8 20. Rxd8+ Qxd8
21. Qd4 Qxd4 22. cxd4 Kf8 23. f4 Ke7 24. Kf2 Kf6 25. g4 g5 26. Kg3 h6 27. Nd2
Bb7 28. Nc4 b5 29. Ne5 Ke7 30. c3 Be4 31. Nf3 Bxf3 32. Kxf3 Kd6 33. fxg5 hxg5
34. Ke4 a6 35. Ke3 Kd5 36. Kd3 a5 37. a4 bxa4 38. c4+ Kd6 39. Kc3 f5 40. c5+ Kc7
41. h4 fxg4 42. h5 g3 43. h6 g2 44. h7 g1=Q 45. h8=Q Qe3+ 46. Kc2 a3 47. Qh7+
Kc6 48. Qh1+ Kb5 49. Qb7+ Kc4 50. Qa6+ Kxd4 51. Qd6+ Kc4 52. Qa6+ Kd4 1/2-1/2

[Event "POLFINAL MISTRZOSTW POLSKI JUNIOROW 2019 - C15"]
[Site "Ustron"]
[Date "1899-12-30"]
[Round "2.14"]
[White "Gardian, Adam"]
[Black "Zielinski, Sebastian"]
[Result "1/2-1/2"]
[WhiteTitle "I"]
[BlackTitle "II+"]
[WhiteElo "1835"]
[BlackElo "1517"]

1. e4 e6 2. d3 d5 3. Nd2 c5 4. Ngf3 Nc6 5. g3 g6 6. Bg2 Bg7 7. O-O Nge7 8. Re1
O-O 9. Qe2 b6 10. e5 Nf5 11. Nb3 h6 12. h4 a5 13. Bf4 a4 14. Nbd2 Nfd4 15. Qd1
Ba6 16. c3 Nxf3+ 17. Nxf3 Ne7 18. Qd2 Nf5 19. Bh3 Kh7 20. Bxf5 gxf5 21. d4 Rh8
22. a3 Kg8 23. Kg2 Kf8 24. Rac1 Ke7 25. Qe3 c4 26. Kf1 Kd7 27. Ke2 Kc7 28. Rg1
h5 29. Bg5 Qd7 30. Bf6 Rag8 31. Bxg7 Rxg7 32. Ne1 Qb5 33. Qd2 Bc8 34. Ng2 Qe8
35. Nf4 Qe7 36. Qe3 Kb7 37. Rcf1 Qe8 38. Nh3 Qb5 39. Qd2 1/2-1/2

[Event "POLFINAL MISTRZOSTW POLSKI JUNIOROW 2019 - C15"]
[Site "Ustron"]
[Date "1899-12-30"]
[Round "2.15"]
[White "Owoc, Jakub"]
[Black "Szafranski, Maciej"]
[Result "1-0"]
[WhiteTitle "I"]
[BlackTitle "II+"]
[WhiteElo "1668"]
[BlackElo "1412"]

1. d4 d5 2. c4 e6 3. Nc3 Nf6 4. cxd5 exd5 5. Bg5 Be7 6. Qc2 c6 7. e3 Be6 8. Bd3
Nbd7 9. Nge2 Rc8 10. O-O h6 11. Bxf6 Nxf6 12. f3 O-O 13. Rad1 Qc7 14. Kh1 a6 15.
Qd2 Rfd8 16. a3 c5 17. Rc1 Qd7 18. Rfd1 c4 19. Bc2 b5 20. Ng3 a5 21. Nce2 b4 22.
axb4 axb4 23. Nf4 Ra8 24. Ra1 b3 25. Rxa8 Rxa8 26. Bb1 Qa4 27. Nfe2 Bb4 28. Nc3
Qa5 29. Nge2 Nd7 30. e4 Nb6 31. e5 Na4 32. Rc1 Nxc3 33. Nxc3 Bxc3 34. Rxc3 Kf8
35. f4 g6 36. h3 h5 37. Kh2 Qd8 38. Rf3 Ra1 39. f5 Rxb1 40. fxe6 f5 41. exf6 Qd6+
42. g3 Qxe6 43. Qb4+ Ke8 44. f7+ 1-0

[Event "POLFINAL MISTRZOSTW POLSKI JUNIOROW 2019 - C15"]
[Site "Ustron"]
[Date "1899-12-30"]
[Round "2.16"]
[White "Kozubek, Krystian"]
[Black "Sloniec, Adrian"]
[Result "1/2-1/2"]
[WhiteTitle "II+"]
[BlackTitle "II"]
[WhiteElo "1545"]
[BlackElo "1383"]

1. c4 e6 2. g3 d5 3. Bg2 c5 4. Nf3 Nc6 5. cxd5 exd5 6. O-O Nf6 7. d3 Bd6 8. b3
Be6 9. Nbd2 O-O 10. Bb2 d4 11. Ng5 Bd5 12. Nge4 Nxe4 13. Nxe4 f5 14. Nf6+ Qxf6
15. Bxd5+ Kh8 16. Rc1 Rac8 17. Bxc6 Rxc6 18. f3 Qg5 19. Kg2 Re8 20. Rc2 Bf4 21.
Bc1 Be3 22. Bxe3 Rxe3 23. Qc1 b6 24. b4 f4 25. Qe1 Rce6 26. bxc5 bxc5 27. Qf2
Qe7 28. Rb1 h6 29. Rbb2 a6 30. Qf1 Rg6 31. g4 Rge6 1/2-1/2

[Event "POLFINAL MISTRZOSTW POLSKI JUNIOROW 2019 - C15"]
[Site "Ustron"]
[Date "1899-12-30"]
[Round "2.17"]
[White "Zakrzewicz, Kacper"]
[Black "Malik, Maciej"]
[Result "1/2-1/2"]
[WhiteTitle "II"]
[BlackTitle "I"]
[WhiteElo "1394"]
[BlackElo "1522"]

1. e4 d6 2. d4 Nf6 3. Nc3 g6 4. f4 Bg7 5. Nf3 O-O 6. e5 Ne8 7. Bc4 c6 8. O-O b5
9. Bb3 a5 10. a4 b4 11. Ne4 e6 12. c4 Ba6 13. Re1 d5 14. cxd5 cxd5 15. Nc5 Nd7
16. Nxa6 Rxa6 17. Ba2 Nc7 18. b3 Na8 19. Bb2 Rc6 20. Rc1 Rxc1 21. Qxc1 Qc8 22.
Bb1 Nab6 23. Qd2 Qb7 24. Rc1 Rc8 25. h3 Na8 26. Kh1 Rc6 27. Bd3 Nc7 28. Rc2 Nb8
29. Qc1 Rxc2 30. Qxc2 Qc6 31. Qxc6 Nxc6 32. Be2 Bf8 33. Ne1 Nd8 34. Kg1 1/2-1/2

[Event "POLFINAL MISTRZOSTW POLSKI JUNIOROW 2019 - C15"]
[Site "Ustron"]
[Date "1899-12-30"]
[Round "2.18"]
[White "Zurawski, Mateusz"]
[Black "Wolny, Dawid"]
[Result "1/2-1/2"]
[WhiteTitle "II"]
[BlackTitle "II"]
[WhiteElo "1522"]
[BlackElo "1343"]

1. e4 e6 2. d4 d5 3. e5 c5 4. c3 Nc6 5. Nf3 Qb6 6. Bd3 Bd7 7. dxc5 Bxc5 8. O-O
f6 9. b4 Be7 10. Bf4 fxe5 11. Bxe5 Nxe5 12. Nxe5 Nf6 13. a4 O-O 14. Qe2 Rae8 15.
Nd2 Bd6 16. Ndf3 Qc7 17. Rfc1 a6 18. h3 Bc6 19. b5 Bxe5 20. Nxe5 axb5 21. axb5
Bd7 22. g4 Ne4 23. Bxe4 dxe4 24. Nxd7 Qxd7 25. c4 Qd3 26. Qxd3 exd3 27. Rc3 Rf3
28. Kg2 Ref8 29. Rf1 e5 30. c5 e4 31. c6 bxc6 32. bxc6 Rc8 33. Rc2 Rcf8 34. Rc3
1/2-1/2

[Event "POLFINAL MISTRZOSTW POLSKI JUNIOROW 2019 - C15"]
[Site "Ustron"]
[Date "1899-12-30"]
[Round "2.19"]
[White "Kopczynski, Alan"]
[Black "Komisarski, Jerzy"]
[Result "1-0"]
[WhiteTitle "II+"]
[BlackTitle "II"]
[WhiteElo "1501"]
[BlackElo "1251"]

1. e4 c6 2. d4 d5 3. Nc3 dxe4 4. Nxe4 Bf5 5. Ng3 Bg6 6. h4 h6 7. Nf3 Nd7 8. h5
Bh7 9. Bd3 Bxd3 10. Qxd3 e6 11. Bd2 Ngf6 12. O-O-O Bd6 13. Ne4 Nxe4 14. Qxe4 Nf6
15. Qe2 c5 16. dxc5 Bxc5 17. Qb5+ Nd7 18. Ne5 a6 19. Qxd7+ Qxd7 20. Nxd7 Kxd7
21. Bxh6+ Ke7 22. Bxg7 Rh7 23. Bd4 Bxd4 24. Rxd4 Rg8 25. g4 Rg5 26. Rhd1 Rhg7
27. f3 f5 28. h6 Rg8 29. h7 Rh8 30. gxf5 Rxf5 31. Rd7+ Kf6 32. Rg1 Rg5 33. Rxg5
Kxg5 34. Rxb7 Kf4 35. Rf7+ Ke3 36. b3 a5 37. Kb2 Kd2 38. a3 Rc8 39. c4 a4 40.
Rg7 axb3 41. Rg8 Rxc4 42. h8=Q Rc2+ 43. Kxb3 1-0

[Event "POLFINAL MISTRZOSTW POLSKI JUNIOROW 2019 - C15"]
[Site "Ustron"]
[Date "1899-12-30"]
[Round "2.20"]
[White "Kukorowski, Wojciech"]
[Black "Celebias, Filip"]
[Result "1/2-1/2"]
[WhiteTitle "II"]
[BlackTitle "II"]
[WhiteElo "1371"]
[BlackElo "1470"]

1. e4 c5 2. Nf3 e6 3. d4 cxd4 4. Nxd4 a6 5. c4 Nf6 6. Nc3 Bb4 7. Qd3 Nc6 8. Nxc6
dxc6 9. Qxd8+ Kxd8 10. f3 e5 11. Be3 Kc7 12. O-O-O Bxc3 13. bxc3 Be6 14. Kb2 b6
15. c5 Nd7 16. cxb6+ Nxb6 17. Ka3 Rhd8 18. Be2 Rab8 19. Rb1 Nc4+ 20. Bxc4 Bxc4
21. Rxb8 Rxb8 22. Bc5 Rb5 23. Bf8 c5 24. Bxg7 Ra5+ 25. Kb2 Rxa2+ 26. Kb1 Rxg2
27. Bxe5+ Kc6 28. Rd1 a5 29. Kc1 Kb5 30. Rd2 Rxd2 31. Kxd2 a4 32. Bd6 Bb3 33.
Kc1 Kc4 34. f4 Kxc3 35. Bxc5 Kd3 36. f5 Kxe4 37. f6 h5 38. Kb2 1/2-1/2

[Event "POLFINAL MISTRZOSTW POLSKI JUNIOROW 2019 - C15"]
[Site "Ustron"]
[Date "1899-12-30"]
[Round "2.21"]
[White "Wleklik, Mateusz"]
[Black "Sawicki, Wojciech"]
[Result "1/2-1/2"]
[WhiteTitle "II"]
[BlackTitle "II"]
[WhiteElo "1259"]
[BlackElo "1439"]

1. e4 e5 2. Nf3 Nc6 3. d4 exd4 4. Nxd4 Bc5 5. Be3 Qf6 6. c3 Bb6 7. Bc4 Nge7 8.
O-O O-O 9. f4 Nxd4 10. cxd4 Re8 11. Nc3 Ba5 12. g4 Bxc3 13. bxc3 Qc6 14. Qb3 Rf8
15. g5 d6 16. Rae1 a6 17. a4 Bh3 18. Rf3 Bd7 19. f5 Qxa4 20. Qxa4 Bxa4 21. f6
Ng6 22. fxg7 Kxg7 23. e5 Bc6 24. d5 Nxe5 25. Bd4 Bb5 26. Bxb5 axb5 27. Bxe5+ dxe5
28. Rxe5 Rae8 29. Ref5 Rd8 30. Kf2 Rd6 31. h4 c6 32. dxc6 bxc6 33. Rc5 Rc8 34.
Kg3 Rd5 35. Rxd5 cxd5 36. Rd3 Rd8 37. Rd4 Rc8 38. Rxd5 Rxc3+ 39. Kf4 b4 40. Rb5
Rh3 41. Kg4 Rb3 42. Kf4 Rb1 43. Kg4 b3 44. Kh5 b2 45. Rb8 1/2-1/2

[Event "POLFINAL MISTRZOSTW POLSKI JUNIOROW 2019 - C15"]
[Site "Ustron"]
[Date "1899-12-30"]
[Round "2.22"]
[White "Jedrzejczak, Michal"]
[Black "Kuczmik, Pawel"]
[Result "1-0"]
[WhiteTitle "II"]
[BlackTitle "II"]
[WhiteElo "1434"]
[BlackElo "1162"]

1. d4 Nf6 2. c4 c5 3. d5 d6 4. Nc3 Bf5 5. f3 e6 6. e4 Bg6 7. Bd3 a6 8. Nge2 exd5
9. exd5 Bxd3 10. Qxd3 Nbd7 11. Bf4 Be7 12. Ne4 Nxe4 13. fxe4 Ne5 14. Bxe5 dxe5
15. O-O Qd6 16. Ng3 g6 17. Rf3 Rb8 18. Raf1 Rf8 19. a4 b6 20. Ne2 f6 21. Nc3 Rb7
22. h4 Bd8 23. Rh3 h6 24. Qe3 Rh7 25. h5 gxh5 26. Rxh5 Rg8 27. Rxh6 Rxh6 28. Qxh6
Qf8 29. Qh3 Qd6 30. Qh7 Qf8 31. Qh3 Qd6 32. Qc8 a5 33. Qc6+ Qd7 34. Rd1 Rg3 35.
Kf2 Rg4 36. Nb5 Rf4+ 37. Ke3 Rg4 38. Rh1 1-0

[Event "POLFINAL MISTRZOSTW POLSKI JUNIOROW 2019 - C15"]
[Site "Ustron"]
[Date "1899-12-30"]
[Round "3.1"]
[White "Haliniak, Wojciech"]
[Black "Kietrys, Maciej"]
[Result "1/2-1/2"]
[WhiteTitle "I"]
[BlackTitle "I"]
[WhiteElo "1756"]
[BlackElo "1656"]

1. e4 e5 2. f4 exf4 3. Bc4 d6 4. d4 g5 5. h4 Bg7 6. Nc3 c6 7. Nf3 h6 8. hxg5 hxg5
9. Rxh8 Bxh8 10. Nh2 Nf6 11. Qe2 Qe7 12. Bd2 Nbd7 13. O-O-O b5 14. Bd3 Bb7 15.
Nf3 Ng4 16. g3 fxg3 17. Bxg5 Bf6 18. Bf4 Nf2 19. Re1 O-O-O 20. Bxg3 Bg5+ 21. Kb1
Nxd3 22. cxd3 Nb6 23. Qc2 a6 24. Nd5 Nxd5 25. exd5 Qf6 26. Qg2 c5 27. Nxg5 Qxg5
28. Qh3+ Kb8 29. dxc5 Qxd5 30. Bxd6+ Ka7 31. Qe3 Bc6 32. Qd2 Rd7 33. Rd1 Qf3 34.
Kc2 Qd5 35. Qa5 Rb7 36. b3 b4 37. Qd8 Qg2+ 38. Rd2 Qg7 39. Kb1 Qg1+ 1/2-1/2

[Event "POLFINAL MISTRZOSTW POLSKI JUNIOROW 2019 - C15"]
[Site "Ustron"]
[Date "1899-12-30"]
[Round "3.2"]
[White "Lenart, Jakub"]
[Black "Wasik, Mateusz"]
[Result "1/2-1/2"]
[WhiteTitle "I"]
[BlackTitle "I"]
[WhiteElo "1629"]
[BlackElo "1696"]

1. d4 d5 2. Nf3 Nf6 3. Bf4 Bf5 4. e3 e6 5. c3 Bd6 6. Bg3 O-O 7. Bd3 Bxd3 8. Qxd3
Ne4 9. Nbd2 f5 10. Bxd6 Qxd6 11. Ne5 c5 12. O-O Nc6 13. f4 c4 14. Qe2 b5 15. Rf3
Nf6 16. h3 a5 17. g4 b4 18. gxf5 exf5 19. Ndxc4 Qc7 20. Nxc6 Qxc6 21. Ne5 Qb7
22. Rc1 Rfc8 23. Nd3 Qb5 24. Qc2 Ne4 25. Nc5 bxc3 26. bxc3 Nxc5 27. dxc5 g6 28.
Rg3 Kf7 29. Rb1 Qxc5 30. Rb7+ Rc7 31. Qb3 Rac8 32. Rb5 Qxc3 33. Qxd5+ Ke7 34.
Qe5+ 1/2-1/2

[Event "POLFINAL MISTRZOSTW POLSKI JUNIOROW 2019 - C15"]
[Site "Ustron"]
[Date "1899-12-30"]
[Round "3.3"]
[White "Gradalski, Olaf"]
[Black "Topola, Rafal"]
[Result "1/2-1/2"]
[WhiteTitle "II"]
[BlackTitle "I"]
[WhiteElo "1542"]
[BlackElo "1659"]

1. e4 c6 2. c4 d5 3. cxd5 cxd5 4. exd5 Nf6 5. Nc3 g6 6. d4 Bg7 7. Nf3 O-O 8. Bc4
Nbd7 9. d6 exd6 10. O-O Nb6 11. Bb3 d5 12. Bf4 Bg4 13. h3 Bf5 14. Ne5 Ne4 15.
Rc1 Rc8 16. Ne2 Rxc1 17. Qxc1 f6 18. Nd3 Ng3 19. Nxg3 Bxd3 20. Rd1 Bc4 21. Bxc4
Nxc4 22. b3 Nb6 23. Re1 Re8 24. Kf1 Rxe1+ 25. Qxe1 Kf7 26. Qc3 Qc8 27. Ne2 Qc6
28. Bc7 Nd7 29. Qxc6 bxc6 30. Ke1 Nf8 31. Bb8 a6 32. Kd2 Ne6 33. Kd3 Ke7 34. Ba7
Bh6 35. Bb8 Kd7 36. Bg3 Bg5 37. f3 Bh6 38. Bh2 Ng7 39. g4 Ne6 40. h4 f5 41. Be5
fxg4 42. fxg4 Bf8 43. Ke3 Be7 44. g5 Ba3 45. Kd3 Nd8 46. Ng1 Ke6 47. Ke3 Nf7 48.
Bc7 Nd6 49. Bxd6 Bxd6 50. Ne2 Kf5 51. Kf3 Bc7 52. b4 Bb8 53. a3 Bc7 54. Nc1 Bd8
55. Ne2 a5 56. bxa5 Bxa5 57. a4 Be1 58. Ng3+ Ke6 59. Kg4 Kd6 60. Ne2 c5 61. dxc5+
Kxc5 62. h5 Bd2 63. hxg6 hxg6 1/2-1/2

[Event "POLFINAL MISTRZOSTW POLSKI JUNIOROW 2019 - C15"]
[Site "Ustron"]
[Date "1899-12-30"]
[Round "3.4"]
[White "Budzisz, Adrian"]
[Black "Nowak, Maciej"]
[Result "1-0"]
[WhiteTitle "I"]
[BlackTitle "II"]
[WhiteElo "1842"]
[BlackElo "1564"]

1. e4 c6 2. d4 d5 3. exd5 cxd5 4. Bd3 Nc6 5. c3 Nf6 6. Bf4 e6 7. Nf3 Bd6 8. Bxd6
Qxd6 9. Nbd2 O-O 10. O-O Re8 11. Re1 Nd7 12. Re3 e5 13. dxe5 Ndxe5 14. Nxe5 Rxe5
15. Nc4 Qf6 16. Nxe5 Nxe5 17. Qe1 Ng6 18. Re8+ Nf8 19. Qe3 Qd6 20. Bf5 Qc7 21.
Re1 b6 22. Rxf8+ Kxf8 23. Qe8# 1-0

[Event "POLFINAL MISTRZOSTW POLSKI JUNIOROW 2019 - C15"]
[Site "Ustron"]
[Date "1899-12-30"]
[Round "3.5"]
[White "Majewski, Krzysztof"]
[Black "Kotula, Pawel"]
[Result "1-0"]
[WhiteTitle "I"]
[BlackTitle "I"]
[WhiteElo "1800"]
[BlackElo "1619"]

1. Nf3 Nf6 2. g3 g6 3. Bg2 Bg7 4. O-O O-O 5. d4 d6 6. Re1 Nbd7 7. e4 e5 8. Nc3
Nh5 9. dxe5 Nxe5 10. Nxe5 Bxe5 11. Be3 Bg7 12. Bd4 Be6 13. Bxg7 Nxg7 14. Qd2 Qd7
15. Rad1 Rad8 16. a3 Bg4 17. f3 Bh3 18. Nd5 Ne8 19. Bxh3 Qxh3 20. Qd4 Qd7 21.
Qxa7 c6 22. Nc3 Ng7 23. Qf2 Ne6 24. e5 Ng5 25. Kh1 d5 26. f4 Nh3 27. Qf3 Qf5 28.
Rf1 h5 29. Ne2 Qxc2 30. Nd4 Qxb2 31. Qg2 Qxa3 32. Qxh3 Qb4 33. Qg2 Ra8 34. f5
Qe7 35. Rfe1 Ra4 36. fxg6 fxg6 37. Qc2 Ra3 38. Qxg6+ Kh8 39. Rf1 Rg8 40. Qh6+
Qh7 41. Qf6+ Qg7 42. Ne6 Qxf6 43. exf6 Raa8 44. f7 Rgf8 45. Nxf8 Rxf8 46. Rb1
b5 47. Rbc1 1-0

[Event "POLFINAL MISTRZOSTW POLSKI JUNIOROW 2019 - C15"]
[Site "Ustron"]
[Date "1899-12-30"]
[Round "3.6"]
[White "Skawinski, Szymon"]
[Black "Dalkowski, Rafal"]
[Result "1/2-1/2"]
[WhiteTitle "I"]
[BlackTitle "II+"]
[WhiteElo "1715"]
[BlackElo "1787"]

1. e4 c6 2. Nc3 d5 3. Nf3 e6 4. d4 Ne7 5. e5 Ng6 6. Bd3 c5 7. Bxg6 hxg6 8. Ne2
b6 9. c3 Nc6 10. O-O Ba6 11. a3 Be7 12. Re1 O-O 13. Ng3 cxd4 14. cxd4 Na5 15.
b3 Rc8 16. Re3 Qd7 17. h4 Rc7 18. Bd2 Rfc8 19. Ng5 Bxg5 20. hxg5 Nc6 21. Qg4 Re8
22. Qh4 Kf8 23. Qh8+ Ke7 24. Qxg7 Kd8 25. Qf6+ Kc8 26. Qf4 Kb8 27. a4 Qe7 28.
Rc1 Rec8 29. Rec3 Qf8 30. Nf1 Kb7 31. Ne3 Be2 32. Ng4 Bxg4 33. Qxg4 Qb4 34. Rxc6
Qxd2 35. Rxc7+ 1/2-1/2

[Event "POLFINAL MISTRZOSTW POLSKI JUNIOROW 2019 - C15"]
[Site "Ustron"]
[Date "1899-12-30"]
[Round "3.7"]
[White "Jozefczyk, Szymon"]
[Black "Jedrusik, Adam"]
[Result "1/2-1/2"]
[WhiteTitle "II"]
[BlackTitle "I"]
[WhiteElo "1616"]
[BlackElo "1743"]

1. e4 c6 2. d4 d5 3. Nc3 dxe4 4. Nxe4 Bf5 5. Ng3 Bg6 6. h4 h6 7. Nf3 Nd7 8. h5
Bh7 9. Bd3 Bxd3 10. Qxd3 e6 11. Bd2 Ngf6 12. O-O-O Be7 13. Ne4 Nxe4 14. Qxe4 Nf6
15. Qe2 Qd5 16. c4 Qe4 17. Qxe4 Nxe4 18. Be3 O-O 19. g3 Rfd8 20. Kb1 f5 21. Ne5
Bg5 22. Rhg1 Bxe3 23. fxe3 Rd6 24. Kc2 Rad8 25. c5 Rd5 26. b4 Nf6 27. Rh1 Kf8
28. Rdf1 Ke7 29. Rf4 Ra8 30. Rff1 Rad8 1/2-1/2

[Event "POLFINAL MISTRZOSTW POLSKI JUNIOROW 2019 - C15"]
[Site "Ustron"]
[Date "1899-12-30"]
[Round "3.8"]
[White "Owoc, Jakub"]
[Black "Pieczulis, Blazej"]
[Result "1/2-1/2"]
[WhiteTitle "I"]
[BlackTitle "I"]
[WhiteElo "1668"]
[BlackElo "1443"]

1. e4 e6 2. d3 d5 3. Nd2 Nf6 4. Ngf3 Be7 5. g3 c5 6. Bg2 Nc6 7. O-O Qc7 8. Re1
b6 9. c3 Bb7 10. Qc2 h6 11. Nf1 dxe4 12. dxe4 O-O-O 13. Bf4 e5 14. Bd2 Kb8 15.
Rad1 Ba6 16. Bc1 Rxd1 17. Rxd1 Rd8 18. Nh4 Bf8 19. Nf5 Ne7 20. N1e3 g6 21. Nxe7
Qxe7 22. Nd5 Nxd5 23. exd5 f5 24. c4 Bb7 25. h4 Qf6 26. b3 g5 27. hxg5 hxg5 28.
Bb2 Bd6 29. Re1 f4 30. Qe4 Re8 31. g4 Bc8 32. f3 Bd7 33. Kf2 Re7 34. Rh1 Be8 35.
Bf1 Kc7 36. Bd3 a6 37. Kg2 Kd8 38. Bc3 a5 39. a3 Ra7 40. Re1 Re7 41. Rb1 Ra7 42.
b4 axb4 43. axb4 Ra2+ 44. Bb2 cxb4 1/2-1/2